000 00699nam a2200289Ia 4500
005 20260324144633.0
008 008 260324s9999 xx 000 0 eng d
020 _a9781003207450
037 _aEBOOK
040 _aCRL
040 _beng
040 _cCRL
041 _2eng
041 _aeng
084 _qCRL
100 _aColin W. Nettelbeck
_91220058
245 0 _aWar and Identity
245 4 _bThe French and the Second World War: An Anthology of Texts
260 _bTaylor and Francis
260 _c1987
365 _a
365 _b150
856 _uhttp://www.taylorfrancis.com/books/9781003207450
942 _cEBOOK
999 _c1826913
_d1826913